LEADER 01231nam a2200265 i 4500 001 000000212035 003 CaOOAMICUS 005 20200527114536.0 008 120323s1846 it u000 u mul u 013 $a190864 040 $aSeMil$bita 100 1 $aCato, Marcus Porcius,$d<234-149 a.C.>.$0(OLS)http://semarc/name/3335 245 10$aOpere di M. Porcio Catone :$bcon traduzione e note /$c[di Giovanni Barengo]. 246 01$aM. Porcii Catonis quae supersunt opera 260 $aVenezia :$bTip. di Giuseppe Antonelli,$c1846. 300 $aXXVI, CCLXXXIV, 374 col. ;$c27 cm. 500 $aFront. e testo originale a fronte. 700 1 $aBarengo, Giovanni <1820-1896>.$0(OLS)http://semarc/name/75691 830 0$aBiblioteca degli scrittori latini : con testo a fronte.$0(OLS)http://semarc/title/35760 850 $aSeMil 852 $aSeMil$W1$xVenegono$y1$m1X IV 39/A FA$j162474$B162474$CSeMilBibl$Z2$F173725 $8I 996 $6245$aOpere di M. Porcio Catone :$bcon traduzione e note$9(OLS)http://semarc/title/306189 996 $6246$aM. Porcii Catonis quae supersunt opera$9(OLS)http://semarc/title/306190 996 $6260$aVenezia :$bTip. di Giuseppe Antonelli$9(OLS)http://semarc/publisher/52626 LEADER 00912nam a2200229 i 4500 001 000000001367 003 CaOOAMICUS 005 20220308180105.0 008 180830s1944 it u000 u ita u 040 $aSeMil$bita 100 1 $aAriosto, Ludovico,$d<1474-1533>.$0(OLS)http://semarc/name/1232 245 10$aOpere /$cLudovico Ariosto ; a cura di Mario Apollonio. 264 1$aMilano ; Roma :$bRizzoli & C.,$c1944. 300 $av. ;$c20 cm. 490 1 $aI classici Rizzoli 650 4$aAriosto, Ludovico <1474-1533> - Opere.$0(OLS)http://semarc/subject/51797 700 1 $aApollonio, Mario <1901-1971>.$0(OLS)http://semarc/name/685 785 04$tOrlando furioso.$w()18479 830 2$aI classici Rizzoli.$0(OLS)http://semarc/title/7352 996 $6245$aOpere$9(OLS)http://semarc/title/2208 996 $6264$aMilano ; Roma :$bRizzoli & C.$9(OLS)http://semarc/publisher/30239 LEADER 01069nam a2200253 i 4500 001 000000042352 003 CaOOAMICUS 005 20090713000000.0 008 090713s1947 it u000 u ita u 013 $a13522 040 $aSeMil$bita 245 13$aIl nazionalsocialismo e la Santa Sede /$cA cura di Michele Maccarrone. 260 $aRoma :$bStudium,$c1947. 300 $aIX, 270 p. ;$c23 cm. 500 $aDono di Mons. Antonio Rimoldi. 650 4$aGermania - Storia - Sec. 20.$0(OLS)http://semarc/subject/4134 650 4$aSanta Sede - Relazioni con la Germania.$0(OLS)http://semarc/subject/9010 650 4$aNazionalsocialismo.$0(OLS)http://semarc/subject/12926 700 1 $aMaccarrone, Michele,$c.$0(OLS)http://semarc/name/2256 850 $aSeMil 852 $aSeMil$W1$xVenegono$y1$m3C II 159$j8507$B8507$CSeMilBibl$Z2$F8507 $81 961 $aOmaggio: Rimoldi mons. Antonio 996 $6245$aIl nazionalsocialismo e la Santa Sede$9(OLS)http://semarc/title/61731 996 $6260$aRoma :$bStudium$9(OLS)http://semarc/publisher/29617